书目信息 |
| 题名: |
苏雪林与她的徽商家族
|
|
| 作者: | 陈朝曙 著 | |
| 分册: | ||
| 出版信息: | 合肥 安徽教育出版社 2008 |
|
| 页数: | 10,212页 | |
| 开本: | 23cm | |
| 丛书名: | ||
| 单 册: | ||
| 中图分类: | K820.9 | |
| 科图分类: | ||
| 主题词: | 家族 | |
| 电子资源: | ||
| ISBN: | 978-7-5336-4947-0 | |
| 000 | 00888nam0 2200253 45 | |
| 001 | 1050639422 | |
| 005 | 20100419103126.92 | |
| 010 | @a978-7-5336-4947-0@dCNY26.00 | |
| 100 | @a20100408e20092008em y0chiy0120 ea | |
| 101 | 0 | @achi |
| 102 | @aCN@b340000 | |
| 105 | @aa z 000yd | |
| 106 | @ar | |
| 200 | 1 | @a苏雪林与她的徽商家族@ASu Xue Lin Yu Ta De Hui Shang Jia Zu@f陈朝曙著@FChen Chao Shu Zhu |
| 210 | @a合肥@c安徽教育出版社@d2008@h2009 | |
| 215 | @a10,212页@c照片,图@d23cm | |
| 330 | @a本书讲述了黄山区近代史上最具影响力,也是黄山区在国际国内文坛最富盛誉的一代文字大师——苏雪林女士的生平轶事和其富有传奇色彩的“苏百万”家族。 | |
| 600 | 0 | @a苏雪林@f(女, 1897~1999)@x家族@j史料 |
| 600 | 0 | @a苏雪林@f(女, 1897~1999) |
| 606 | 0 | @a家族 |
| 690 | @aK820.9@v4 | |
| 701 | 0 | @a陈朝曙@AChen Chao Shu@4著 |
| 801 | 0 | @aCN@bTANGWEI@c20100419 |
| 905 | @b0588952-56@dK820.9@e118@f5 | |
| 苏雪林与她的徽商家族/陈朝曙著.-合肥:安徽教育出版社,2008(2009) |
| 10,212页:照片,图;23cm |
| ISBN 978-7-5336-4947-0:CNY26.00 |
| 本书讲述了黄山区近代史上最具影响力,也是黄山区在国际国内文坛最富盛誉的一代文字大师——苏雪林女士的生平轶事和其富有传奇色彩的“苏百万”家族。 |
| ● |
| 相关链接 |
|
|
|
|
正题名:苏雪林与她的徽商家族
索取号:K820.9/118
 
预约/预借
| 序号 | 登录号 | 条形码 | 馆藏地/架位号 | 状态 | 备注 |
| 1 | 0588952 | 205889528 | 第二样本阅览室/ [索取号:K820.9/118] | 在馆 | |
| 2 | 0588953 | 205889537 | 第二借阅区/ [索取号:K820.9/118] | 在馆 | |
| 3 | 0588954 | 205889546 | 第二借阅区/ [索取号:K820.9/118] | 在馆 | |
| 4 | 0588955 | 205889555 | 第二借阅区/ [索取号:K820.9/118] | 在馆 | |
| 5 | 0588956 | 205889564 | 第二借阅区/ [索取号:K820.9/118] |
已借出,限还日期为2026.08.20 借出人:刘惠 |